Plumago : (Record no. 142968)

MARC details
000 -LEADER
fixed length control field 00667nam a22002177a 4500
005 - DATE AND TIME OF LATEST TRANSACTION
control field 20170728151103.0
010 ## - LCCN (DPL NO)
LC control number ENG-119459
020 ## - INTERNATIONAL STANDARD BOOK NUMBER
International Standard Book Number 9788125059202
Terms of availability 225.00
035 ## - SYSTEM CONTROL NUMBER
System control number EN-102991
037 ## - SOURCE OF ACQUISITION
Source of stock number/acquisition DBAD/PUB
082 ## - DEWEY DECIMAL CLASSIFICATION NUMBER
Classification number 480
245 ## - TITLE STATEMENT
Title Plumago :
Statement of responsibility, etc edited by Jagdish M. Saboo...[et al]
Remainder of title communnication skills in English /
260 ## - PUBLICATION, DISTRIBUTION, ETC. (IMPRINT)
Place of publication, distribution, etc Hydrabad
Name of publisher, distributor, etc Orient BlackSwan
Date of publication, distribution, etc 2017
270 ## - ADDRESS
Address 3-6-752,Himayat Nagar
City Hydrabad (Telagana)
Postal code 500029
300 ## - PHYSICAL DESCRIPTION
Extent 274p.
Other physical details 22cm(pbk)
700 ## - ADDED ENTRY--PERSONAL NAME
Personal name by Saboo,Jagdish M.
700 ## - ADDED ENTRY--PERSONAL NAME
Personal name Vishwarupe,Vivek
700 ## - ADDED ENTRY--PERSONAL NAME
Personal name Nishtane,Ravinndra B.
700 ## - ADDED ENTRY--PERSONAL NAME
Personal name Mapari,Dimple D.
942 ## - ADDED ENTRY ELEMENTS (KOHA)
Source of classification or shelving scheme Dewey Decimal Classification
Item type English Books
Call number suffix PLU
Classification part 480
Holdings
Withdrawn status Lost status Not for loan Collection code Home library Current library Date acquired Source of acquisition Cost, normal purchase price Full call number Barcode Copy number Cost, replacement price Koha item type
      Non-fiction Shahdara Branch Shahdara Branch 28/07/2017 DBAD/PUB 225.00 480 PLU EN-102991 1 225.00 English Books

© Delhi Public Library
Hit Counter
free hit counter